<?xml version="1.0" encoding="UTF-8"?>
<marc:record xmlns:marc="http://www.loc.gov/MARC21/slim">
   <marc:leader>00000nam a2200000 a 4500</marc:leader>
   <marc:datafield ind1="1" ind2=" " tag="100">
      <marc:subfield code="a">Schwarzer, Alice</marc:subfield>
      <marc:subfield code="4">aut</marc:subfield>
      <marc:subfield code="e">Verfasser/-in</marc:subfield>
   </marc:datafield>
   <marc:datafield ind1="0" ind2="0" tag="245">
      <marc:subfield code="a">Der Schock - Die Silvesternacht von Köln</marc:subfield>
   </marc:datafield>
   <marc:datafield ind1="0" ind2="0" tag="245">
      <marc:subfield code="b">Mit Beiträgen von Kamel Daoud, Necla Kelek, Bassam Tibi u.a.</marc:subfield>
   </marc:datafield>
   <marc:datafield ind1="0" ind2="0" tag="245">
      <marc:subfield code="c">Schwarzer, Alice</marc:subfield>
   </marc:datafield>
   <marc:datafield ind1=" " ind2="1" tag="264">
      <marc:subfield code="c">2016</marc:subfield>
   </marc:datafield>
   <marc:datafield ind1="1" ind2=" " tag="520">
      <marc:subfield code="a">Das Buch zu der Nacht, die Deutschland und die ganze Welt bewegt&#xD;
Köln ist zur Chiffre geworden für einen Kulturschock. Die ganze Welt fragt sich: Was geschah wirklich in der Silvesternacht?&#xD;
&#xD;
Alice Schwarzer hat die zehn Stunden, in denen der Bahnhofsplatz ein rechtsfreier Raum war, minutiös recherchiert. Sie analysiert, wie es dazu kommen konnte, und spannt den Bogen vom Bahnhofsplatz in Köln über den Tahrir-Platz in Kairo bis hin zum Iran Khomeinis. Sie kritisiert die falsche Toleranz mit dem politisierten Islam. Alexandra Eul recherchierte die Folgen für die Frauen. Von einem »Tahrir-Platz in Köln« sprechen auch zwei AlgerierInnen: der Schriftsteller Kamel Daoud und die Soziologin Marieme Hélie-Lucas. Die Deutschtürkin Necla Kelek fordert eine Reform des islamischen Familienrechts. Die Islamwissenschaftlerin Rita Breuer analysiert die fatale Rolle des »Zentralrats der Muslime« bei der Verbreitung des Scharia-Islams. Und der Deutsch-Syrer Bassam Tibi erklärt die wahren Gründe für den Syrien-Konflikt: Warum Bomben sinnlos sind.&#xD;
&#xD;
Quelle: Verlagsinformation</marc:subfield>
   </marc:datafield>
   <marc:datafield ind1=" " ind2=" " tag="020">
      <marc:subfield code="a">9783462049992</marc:subfield>
      <marc:subfield code="9">9783462049992</marc:subfield>
   </marc:datafield>
   <marc:datafield ind1=" " ind2=" " tag="020">
      <marc:subfield code="a">3462049992</marc:subfield>
      <marc:subfield code="9">3462049992</marc:subfield>
   </marc:datafield>
   <marc:datafield ind1=" " ind2=" " tag="041">
      <marc:subfield code="a">ger</marc:subfield>
   </marc:datafield>
   <marc:datafield ind1=" " ind2=" " tag="338">
      <marc:subfield code="a">Band</marc:subfield>
   </marc:datafield>
   <marc:datafield ind1=" " ind2=" " tag="300">
      <marc:subfield code="a">144 S.</marc:subfield>
   </marc:datafield>
</marc:record>
